| 000 | 00977nam a2200289 i 4500 | ||
|---|---|---|---|
| 001 | 47898 | ||
| 003 | ES-MaACL | ||
| 005 | 20230906161646.0 | ||
| 007 | t| | ||
| 008 | 030625s2002 sp ab 00100 spa d | ||
| 020 | _a84-8323-297-9 | ||
| 080 | _a94(438) | ||
| 100 | 1 |
_aLukowski, Jerzy. _974726 |
|
| 245 | 1 | 0 |
_aHistoria de Polonia / _cJerzy Lukowski y Hubert Zawadzki ; traducción de José Miguel Parra Ortiz ; revisión científica de Fernando Presa González. |
| 250 | _a1ª ed. en Cambridge University Press. | ||
| 260 |
_aMadrid : _bCambridge University Press, _c2002. |
||
| 300 |
_a341 p : _bil., mapas ; _c22 cm. |
||
| 490 | 1 | _aHistoria | |
| 504 | _aBibliografía: p. 317-324. Indice. | ||
| 651 | 4 |
_aPolonia- _xHistoria. _99240 |
|
| 700 | 1 |
_aZawadzki, Hubert. _9118116 |
|
| 700 | 1 |
_aParra Ortiz, José Miguel. _989251 |
|
| 700 | 1 |
_aPresa González, Fernando. _993771 |
|
| 830 | 1 |
_aHistoria _9177536 |
|
| 852 | 4 |
_aES-MaACL _jL-26463 |
|
| 999 |
_c47898 _d47898 |
||